000 00772nam a2200289 a 4500
003 AR-BaBNM
005 20251128203412.0
008 082120s2002 ||||||||||||||000 | spa||
040 _cAR-BaBNM
100 1 _aKelsen, Hans
245 0 0 _aLa idea del derecho natural y otros ensayos
260 _aBuenos Aires
_bLosada
_c1946
300 _a305 p.
490 0 _aBiblioteca del instituto argentino de filosofía jurídica y social
500 _aIndice p. 305
600 0 4 _aAristóteles
650 4 _aFILOSOFIA
650 4 _aFILOSOFIA DEL DERECHO
650 4 _aJUSTICIA
650 4 _aPOLITICA
650 4 _aJURISPRUDENCIA
650 4 _aTEORIA DEL DERECHO
650 4 _aPAZ
700 1 _aAftalión, Enrique R.
_eprologuista
942 _cBK
998 _cAndrea
999 _c3225
_d3225